| 000 | 00793nam a2200253Ia 4500 | ||
|---|---|---|---|
| 003 | GCL | ||
| 008 | 140319s9999 xx 000 0 ara d | ||
| 040 |
_aGCL / _cGCL |
||
| 082 | 0 | 4 |
_a370.15 _bك ت |
| 100 | 1 | _aكاميليا عبدالفتاح | |
| 245 | 1 | 0 |
_aالتربية الاخلاقية فى رياض الاطفال / _cكاميليا عبدالفتاح |
| 700 | 1 | _aفوزى محمد عبدالحميد عيسى (مترجم) | |
| 700 | 1 | _aكنكيتى, بيو | |
| 260 |
_a[S.N] : _bدار الفكر العربى ، _c1992 |
||
| 300 | _a128 | ||
| 490 | _a | ||
| 650 | 0 | 4 | _aالتعليم |
| 650 | 0 | 4 | _aالتربية |
| 650 | 0 | 4 | _aالاطفال |
| 650 | 0 | 4 | _aالاخلاق |
| 650 | 0 | 4 | _aعلم النفس التربوى |
| 650 | 0 | 4 | _aالاخلاص |
| 942 |
_2ddc _cBK |
||
| 999 |
_c32037 _d32037 |
||